Представление документа в формате RUSMARC

ПолеНазваниеЗначение
  Тип записи a
  Библиографический уровень c
001 Контрольный номер RU/IS/BASE/289579862
005 Дата корректировки 20201206204439.3
010 Индекс ISBN __
d Цена 1-40
101 Язык документа __
a Язык текста rus
c Язык оригинала rus
200 Заглавие и сведения об ответственности 1_
a Заглавие Возделай поле свое
e Сведения, относящиеся к заглавию повести и рассказы
f Первые сведения об ответственности Анатолий Приставкин
b Общее обозначение материала Текст
210 Выходные данные __
a Место издания М.
c Издательство Современник
d Дата издания 1981
215 Физическое описание __
a Объем 351 с.
327 Примечание о содержании __
a Примечание о содержании Белый Холм
330 Аннотация __
a Аннотация О людях села, красоте родной природы, богатстве отчей земли. О настоящем и прошлом деревни, о судьбах и будущем детей.
606 Тематические рубрики __
a Основная рубрика Художественная литература
z Хронологическая подрубрика 20 в.
y Географическая подрубрика РФ; Россия
606 Тематические рубрики __
a Основная рубрика Русская литература XX в. (произведения)
610 Ключевые слова __
a Ключевые слова повести; рассказы; тема деревни; тема детства; тема природы; проза
686 Индексы других классификаций __
a Классификационный индекс 84(2Рос=Рус)6-4
700 Автор _1
a Фамилия Приставкин
b Имя А. И.
4 Код отношения 070
801 Источник записи _0
a Страна RU
b Организация Муниципальное бюджетное учреждение культуры "Централизованная библиотечная система" г. Сургут (Центральная городская библиотека им. А. С. Пушкина)
g Правила каталогизации КиК/Елгина
801 Источник записи _1
a Страна RU
b Организация Муниципальное бюджетное учреждение культуры "Централизованная библиотечная система" г. Сургут (Центральная городская библиотека им. А. С. Пушкина)
g Правила каталогизации КиК/Елгина
852 Данные о местонахождении __
j Шифр хранения 84(2Рос=Рус)6-4
c Каталожный индекс 84(2Рос=Рус)6-4
i Авторский знак П 77
p Инвентарный номер 6230
901 Тип документа __
t Тип документа x
903 Характеристики (МАРС) __
a Дата передачи 20061130
969 Тип издания __
a Тип издания сборник
990 Данные о заказе (DOS) __
j Количество экземпляров (DOS) 1